LEADER 01402nam a2200253 i 4500 001 000000189304 003 CaOOAMICUS 005 20150213000000.0 008 150213s1941 it u000 u ita u 013 $a167577 040 $aSeMil$bita 100 1 $aBorgonovo, Giustino,$c.$0(OLS)http://semarc/name/5872 245 10$aProfilo spirituale della reverenda Madre Maria Laura Baraggia fondatrice della congregazione famiglia del s. Cuore di Gesù attraverso I suoi scritti e le memorie delle Sue figlie /$cGiustino Borgonovo. 250 $a2. edizione riveduta e migliorata. 260 $aViboldone - S. Giuliano Milanese :$bScuola Tipografica San Benedetto,$c1941. 300 $a315, [2] c. di tav. :$bill. ;$c22 cm. 500 $aFondo card. Giovanni Colombo. 600 14$aBaraggia, Maria Laura .$0(OLS)http://semarc/subject/21207 850 $aSeMil 852 $aSeMil$W1$xVenegono$y1$m3GC V 162$j139935$B139935$CSeMilBibl$Z2$F151539 $8B 941 1 $a3 961 $aLascito: Colombo Card. Giovanni 996 $6245$aProfilo spirituale della reverenda Madre Maria Laura Baraggia fondatrice della congregazione famiglia del s. Cuore di Gesù attraverso I suoi scritti e le memorie delle Sue figlie$9(OLS)http://semarc/title/272562 996 $6260$aViboldone - S. Giuliano Milanese :$bScuola Tipografica San Benedetto$9(OLS)http://semarc/publisher/40691 LEADER 01341nam a2200277 i 4500 001 000000352597 003 CaOOAMICUS 005 20221230134941.0 008 221230s2022 it u000 u ita u 020 $a978-88-311-3542-9 040 $aSeMil$bita 100 1 $aBae, Sungjin.$0(OLS)http://semarc/name/116939 245 13$aLa Trinità, luce e amore dell'anima :$bindagine sul concetto agostiniano di intentio /$cSungjin Bae. 264 1$aRoma :$bCittà Nuova,$c2022. 300 $a403 p. ;$c21 cm 490 1 $aCollana di teologia ;$v103 650 4$aAgostino, Aurelio - Concetto di intentio.$0(OLS)http://semarc/subject/53255 650 04$aAgostino, Aurelio - Dottrina della Trinità.$0(OLS)http://semarc/subject/35495 700 1 $aCoda, Piero,$d<1955- >.$0(OLS)http://semarc/name/325 830 0$aCollana di teologia ;$v103.$0(OLS)http://semarc/title/419465 850 $aSeMil 852 $aSeMil$W1$xVenegono$y1$m2XA H 103$j236203$B243822$CSeMilBibl$Z2$F243822 $81 996 $6020$a978-88-311-3542-9$9(OLS)http://semarc/number/297382 996 $6245$aLa Trinità, luce e amore dell'anima :$bindagine sul concetto agostiniano di intentio$9(OLS)http://semarc/title/442484 996 $6264$aRoma :$bCittà Nuova$9(OLS)http://semarc/publisher/29609